<?xml version="1.0" encoding="UTF-8"?>
<record
    xmlns:xsi="http://www.w3.org/2001/XMLSchema-instance"
    xsi:schemaLocation="http://www.loc.gov/MARC21/slim http://www.loc.gov/standards/marcxml/schema/MARC21slim.xsd"
    xmlns="http://www.loc.gov/MARC21/slim">

  <leader>00923nam a2200217Ia 4500</leader>
  <controlfield tag="001">6997</controlfield>
  <controlfield tag="003">GE_BSU</controlfield>
  <controlfield tag="008">181216s||||||||xx |||||||||||||| ||und||</controlfield>
  <datafield tag="040" ind1=" " ind2=" ">
    <subfield code="c">GE_BSU</subfield>
  </datafield>
  <datafield tag="080" ind1=" " ind2=" ">
    <subfield code="a">621.83(035.3)</subfield>
  </datafield>
  <datafield tag="100" ind1=" " ind2=" ">
    <subfield code="a">&#x410;&#x440;&#x442;&#x43E;&#x431;&#x43E;&#x43B;&#x435;&#x432;&#x441;&#x43A;&#x438;&#x439;,&#x418;.&#x418;.</subfield>
  </datafield>
  <datafield tag="245" ind1=" " ind2=" ">
    <subfield code="a">&#x41C;&#x435;&#x445;&#x430;&#x43D;&#x438;&#x437;&#x43C;&#x44B; &#x432; &#x441;&#x43E;&#x432;&#x440;&#x435;&#x43C;&#x435;&#x43D;&#x43D;&#x43E;&#x439; &#x442;&#x435;&#x445;&#x43D;&#x438;&#x43A;&#x435; &#x432; 7 &#x442;&#x43E;&#x43C;&#x430;&#x445;. &#x422;.3:&#x420;&#x44B;&#x447;&#x430;&#x436;&#x43D;&#x43E;-&#x43A;&#x443;&#x43B;&#x430;&#x447;&#x43A;&#x43E;&#x432;&#x44B;&#x435;, &#x440;&#x44B;&#x447;&#x430;&#x436;&#x43D;&#x43E;-&#x437;&#x443;&#x431;&#x447;&#x430;&#x442;&#x44B;&#x435;, &#x440;&#x44B;&#x447;&#x430;&#x436;&#x43D;&#x43E;-&#x445;&#x440;&#x430;&#x43F;&#x43E;&#x432;&#x44B;&#x435;, &#x440;&#x44B;&#x447;&#x430;&#x436;&#x43D;&#x43E;-&#x43A;&#x43B;&#x438;&#x43D;&#x43E;&#x432;&#x44B;&#x435; &#x438; &#x432;&#x438;&#x43D;&#x442;&#x43E;-&#x440;&#x44B;&#x447;&#x430;&#x436;&#x43D;&#x44B; &#x43C;&#x435;&#x445;&#x430;&#x43D;&#x438;&#x437;&#x43C;&#x44B;. &#x43C;&#x435;&#x445;&#x430;&#x43D;&#x438;&#x437;&#x43C;&#x438; &#x441; &#x433;&#x438;&#x431;&#x43A;&#x438;&#x43C;&#x438; &#x438; &#x443;&#x43F;&#x440;&#x443;&#x433;&#x438;&#x43C;&#x438; &#x437;&#x432;&#x435;&#x43D;&#x44F;&#x43C;&#x438;.</subfield>
  </datafield>
  <datafield tag="245" ind1=" " ind2=" ">
    <subfield code="b">&#x421;&#x43F;&#x440;&#x430;&#x432;&#x43E;&#x447;&#x43D;&#x430;&#x435; &#x43F;&#x43E;&#x441;&#x43E;&#x431;&#x438;&#x435;.</subfield>
  </datafield>
  <datafield tag="245" ind1=" " ind2=" ">
    <subfield code="c">&#x420;&#x435;&#x434;. &#x411;.&#x41D;.&#x421;&#x43A;&#x43B;&#x44F;&#x434;&#x43D;&#x435;&#x432;.</subfield>
  </datafield>
  <datafield tag="260" ind1=" " ind2=" ">
    <subfield code="a">&#x41C;.</subfield>
  </datafield>
  <datafield tag="260" ind1=" " ind2=" ">
    <subfield code="b">&#x41D;&#x430;&#x443;&#x43A;&#x430;.</subfield>
  </datafield>
  <datafield tag="260" ind1=" " ind2=" ">
    <subfield code="c">1979.</subfield>
  </datafield>
  <datafield tag="300" ind1=" " ind2=" ">
    <subfield code="a">416&#x441;&#x442;&#x440;. &#x441; &#x438;&#x43B;&#x43B;.</subfield>
  </datafield>
  <datafield tag="653" ind1=" " ind2=" ">
    <subfield code="a">&#x41C;&#x435;&#x445;&#x430;&#x43D;&#x438;&#x437;&#x43C;&#x44B; &#x432; &#x441;&#x43E;&#x432;&#x440;&#x435;&#x43C;&#x435;&#x43D;&#x43D;&#x43E;&#x439; &#x442;&#x435;&#x445;&#x43D;&#x438;&#x43A;&#x435; &#x432; 7 &#x442;&#x43E;&#x43C;&#x430;&#x445;.</subfield>
  </datafield>
  <datafield tag="942" ind1=" " ind2=" ">
    <subfield code="c">BK</subfield>
  </datafield>
  <datafield tag="999" ind1=" " ind2=" ">
    <subfield code="c">40389</subfield>
    <subfield code="d">40389</subfield>
  </datafield>
  <datafield tag="952" ind1=" " ind2=" ">
    <subfield code="0">0</subfield>
    <subfield code="1">0</subfield>
    <subfield code="4">0</subfield>
    <subfield code="7">0</subfield>
    <subfield code="9">45034</subfield>
    <subfield code="d">2018-12-17</subfield>
    <subfield code="p">10301</subfield>
    <subfield code="r">2018-12-17</subfield>
    <subfield code="w">2018-12-17</subfield>
    <subfield code="y">BK</subfield>
  </datafield>
</record>
